000 00621nam a2200205 a 4500
001 000024940
005 20240509192331.0
008 110208s1966 dr a r 000 0 spa d
040 _aDO-SdBNP
_bspa
_cBNPHU
082 _a306.81
_bA926m
100 1 _aAun Weor , Samael
_d1917-1977
_947250
245 1 0 _aEl Matrimonio Perfecto /
_cSamael Aun Weor ; prefacio Julio Medina V.
250 _a10a ed.
260 _a[S. l. ] :
_bHadit,
_c[1966?].
300 _a267, [5] p. :
_bil., retrs. ;
_c20 cm.
650 0 _aMatrimonio
_9797
650 4 _aSexo en el matrimonio
_9804
700 1 _aMedina V., Julio
_941866
049 _aBNGR
999 _c24433
_d24433